[Event "Frome Open 2019"]
[EventDate "2019.05.17"]
[Site "Frome ENG"]
[Date "2019.05.19"]
[Round "5"]
[White "Anderson, Peter W"]
[Black "Payne, Matthew J"]
[Result "1/2-1/2"]
[WhiteElo "1968"]
[BlackElo "2189"]

 1. d4 Nf6 2. c4 g6 3. Nc3 Bg7 4. e4 d6 5. Nf3 O-O 6. Be2 e5 7. Be3 Ng4 8. Bg5 f6
 9. Bh4 g5 10. Bg3 Nh6 11. d5 Na6 12. O-O f5 13. exf5 Bxf5 14. Nd2 Nc5 15. b4 Nd3 16. Nde4 Nf4
 17. Re1 Bg6 18. Bf1 Nf5 19. c5 h5 20. cxd6 cxd6 21. f3 Nd4 22. Bf2 h4 23. Nb5 Nxb5 24. Bxb5 h3
 25. g3 Ng2 26. Rf1 Bh6 27. Bd3 Qd7 28. Nc5 dxc5 29. Bxg6 cxb4 30. Bh5 Qh7 31. Bg4 Bg7 32. Rc1 e4
 33. d6 e3 34. Be1 Nxe1 35. Rxe1 Bc3 36. Qd5+ Kh8 37. Rxe3 Rae8 38. Rxe8 Rxe8 39. d7 Rd8 40. Rd1 Qe7
 41. Qe6 Qxe6 42. Bxe6 Kg7 43. Bxh3 Kf6 44. Rd5 b6 45. Rf5+ Kg6 46. f4 gxf4 47. Rxf4 a5 1/2-1/2

[Event "Frome Open 2019"]
[EventDate "2019.05.17"]
[Site "Frome ENG"]
[Date "2019.05.19"]
[Round "5"]
[White "Jaufarally, Nadia"]
[Black "Garcia, Oscar"]
[Result "0-1"]
[WhiteElo "1945"]
[BlackElo "2077"]

 1. e4 e6 2. d4 d5 3. Nd2 Be7 4. Bd3 c5 5. dxc5 Nf6 6. exd5 Qxd5 7. Ngf3 O-O 8. O-O Nc6
 9. Qe2 Qxc5 10. Ne4 Nxe4 11. Qxe4 f5 12. Qe2 e5 13. c3 Be6 14. Be3 Qa5 15. Bc4 Bf7 16. Rad1 Qc7
 17. Bxf7+ Rxf7 18. Qc4 h6 19. b4 Bf6 20. Bc5 Rd8 21. Qe6 b6 22. Bd6 Qd7 23. Qb3 Qe8 24. b5 Na5
 25. Qb4 Rfd7 26. Rfe1 e4 27. h3 Qf7 28. Nh2 Nb7 0-1

[Event "Frome Open 2019"]
[EventDate "2019.05.17"]
[Site "Frome ENG"]
[Date "2019.05.19"]
[Round "5"]
[White "Gregory, Andrew M"]
[Black "Duggan, Michael FG"]
[Result "0-1"]
[WhiteElo "1926"]
[BlackElo "2026"]

 1. b3 Nf6 2. Bb2 g6 3. g3 Bg7 4. Bg2 d5 5. Nf3 O-O 6. O-O c5 7. d3 Nc6 8. Nbd2 d4
 9. Nc4 Nd5 10. Rb1 f5 11. a4 e5 12. e4 fxe4 13. dxe4 Nc7 14. Ne1 Be6 15. Qe2 Qd7 16. Rd1 Rae8
 17. Ba3 b6 18. f3 h6 19. h4 Rf6 20. Kh2 Ref8 21. a5 b5 22. Nxe5 Nxe5 23. Bxc5 Rd8 24. Bxd4 Nc6
 25. Bxf6 Qxd1 26. Qxd1 Rxd1 27. Bxg7 Kxg7 28. Nd3 Rd2 29. Rf2 Rxf2 30. Nxf2 Nd4 0-1

[Event "Frome Open 2019"]
[EventDate "2019.05.17"]
[Site "Frome ENG"]
[Date "2019.05.19"]
[Round "5"]
[White "Fathallah, Joe"]
[Black "Headlong, Timothy"]
[Result "1/2-1/2"]
[WhiteElo "1939"]
[BlackElo "2135"]

 1. d4 d5 2. c4 e6 3. Nc3 c5 4. dxc5 d4 5. Ne4 Bxc5 6. Nxc5 Qa5+ 7. Bd2 Qxc5 8. e3 e5
 9. Nf3 Nc6 10. exd4 exd4 11. Bd3 Nge7 12. Qc2 a5 13. a3 Bg4 14. Ng5 Qe5+ 15. Kf1 Qc7 16. Re1 h6
 17. Ne4 Ne5 18. Bf4 f6 19. c5 O-O 20. Bc4+ Kh8 21. f3 Bf5 22. Rc1 Bxe4 23. Qxe4 Nxc4 24. Bxc7 Nd2+
 25. Ke2 Nxe4 26. fxe4 Nc6 27. Rhf1 Rfe8 28. Kd3 Kh7 29. Rce1 Re6 30. Rf5 Rc8 31. Bg3 Rce8 32. Rd5 R6e7
 33. Bf2 Re5 34. Rd7 Rxc5 35. Rxb7 Ne5+ 36. Kxd4 Rc2 37. Bg3 Rd8+ 38. Ke3 Rd3+ 39. Kf4 Ng6+ 40. Kf5 Rxg2
 41. Rc1 Rf3+ 42. Kg4 Ne5+ 43. Kh3 Rd2 44. Rcc7 Kg6 45. Rxg7+ Kh5 46. Rb5 a4 47. Rg8  Re2 1/2-1/2

[Event "Frome Open 2019"]
[EventDate "2019.05.17"]
[Site "Frome ENG"]
[Date "2019.05.19"]
[Round "5"]
[White "Jones, Steven A"]
[Black "Payan, Juan Carlos"]
[Result "1-0"]
[WhiteElo "2128"]
[BlackElo "1863"]

 1. e4 c5 2. Nf3 d6 3. d4 cxd4 4. Nxd4 Nf6 5. Nc3 a6 6. Be3 e5 7. Nb3 Be6 8. f3 Be7
 9. Qd2 h5 10. Nd5 Nxd5 11. exd5 Bf5 12. Be2 Qc7 13. c4 Nd7 14. Rc1 Rc8 15. O-O O-O 16. Kh1 Bg6
 17. Rfd1 Qb8 18. c5 f5 19. c6 Nf6 20. cxb7 Qxb7 21. Na5 Qd7 22. Bxa6 Ra8 23. Bb7 Rxa5 24. Qxa5 Qxb7
 25. Rc7 Bd8 26. Rxb7 Bxa5 27. b4 Bd8 28. a4 Bf7 29. a5 Nxd5 30. Rxf7 Nxe3 31. Rxf8+ Kxf8 32. Rxd6 Bxa5
 33. bxa5 Nc4 34. Rd5 Ke7 35. a6 Ke6 36. Rc5 1-0

[Event "Frome Open 2019"]
[EventDate "2019.05.17"]
[Site "Frome ENG"]
[Date "2019.05.19"]
[Round "5"]
[White "Brown, Geoffrey M"]
[Black "de Coverly, Roger D"]
[Result "1-0"]
[WhiteElo "1834"]
[BlackElo "1977"]

 1. f4 ( 1. d4 ) 1... Nf6 2. Nf3 g6 3. e3 Bg7 4. d4 O-O 5. Nbd2 d6 6. Be2 Nc6 7. c3 e5
 8. O-O Qe7 9. Nc4 e4 10. Ne1 b5 11. Na3 a6 12. Nac2 Rb8 13. b3 Bd7 14. Bb2 a5 15. Rb1 Na7
 16. g4 c5 17. Ng2 cxd4 18. Nxd4 b4 19. c4 Ne8 20. h3 Nc7 21. Qe1 Nc6 22. Nxc6 Bxc6 23. Bxg7 Kxg7
 24. f5 f6 25. Nf4 Qe5 26. Rd1 Rbd8 27. Rd2 g5 28. Nh5+ Kh8 29. Qa1 Qe7 30. Rfd1 Na6 31. h4 gxh4
 32. Kh2 Be8 33. Nf4 Nc5 34. Kh3 Bc6 35. Kxh4 Rf7 36. Nh5 Kg8 37. Rg1 Kf8 38. Kh3 Ke8 39. Bf1 Kd7
 40. Bg2 Kc7 41. Qd4 Qe5 42. Qxe5 dxe5 43. Rgd1 Rxd2 44. Rxd2 Rf8 45. Kh4 Nd3 46. Ng3 Nc5 47. Bh1 Rf7
 48. Nh5 Nd3 49. Bg2 Rf8 50. Bf1 Ne1 51. Kg3 Nf3 52. Rd1 Be8 53. Ng7 Bd7 54. Be2 Ng5 55. Rd5 Rf7
 56. Nh5 Bc6 57. Rd1 Rf8 58. c5 Be8 59. Ng7 Bf7 60. Rd6 Rd8 61. Rxf6 Rd2 62. Bb5 Rxa2 63. Ne6+ Bxe6
 64. fxe6 Nxe6 65. Rxe6 1-0

[Event "Frome Open 2019"]
[EventDate "2019.05.17"]
[Site "Frome ENG"]
[Date "2019.05.19"]
[Round "5"]
[White "Jackson, Paul G"]
[Black "Jones, Mark A"]
[Result "0-1"]
[WhiteElo "1801"]
[BlackElo "2118"]

 1. d4 d5 2. c4 c6 3. cxd5 cxd5 4. Nc3 Nf6 5. Bg5 Ne4 6. Nxe4 dxe4 7. a3 Qb6 8. Qd2 Nc6
 9. e3 Na5 10. Rd1 Nb3 11. Qb4 Qxb4+ 12. axb4 e6 13. Bb5+ Bd7 14. Bxd7+ Kxd7 15. f3 Bxb4+ 16. Kf2 Rhc8
 17. fxe4 Rc2+ 18. Kf3 Nd2+ 19. Kf4 f6 20. h4 fxg5+ 21. hxg5 Rf8+ 22. Kg4 Nxe4 0-1

[Event "Frome Open 2019"]
[EventDate "2019.05.17"]
[Site "Frome ENG"]
[Date "2019.05.19"]
[Round "5"]
[White "Cutmore, Martin J"]
[Black "Metcalfe, Charlie P"]
[Result "1-0"]
[WhiteElo "2046"]
[BlackElo "1751"]

 1. d4 d5 2. c4 dxc4 3. Nf3 Nf6 4. Nc3 a6 5. a4 Nc6 6. e4 Bg4 7. Be3 Bxf3 8. gxf3 Na5
 9. Qc2 c6 10. Rd1 e6 11. Rg1 Rg8 12. e5 Nd5 13. Qxh7 Ne7 14. Ne4 Qb6 15. Nd6+ Kd7 16. d5 Qxb2
 17. dxe6+ Kxe6 18. Bh3+ f5 19. Bxf5+ Kxe5 20. f4+ Kf6 1-0

[Event "Frome Open 2019"]
[EventDate "2019.05.17"]
[Site "Frome ENG"]
[Date "2019.05.19"]
[Round "5"]
[White "Turner, Joseph D"]
[Black "Adaway, William"]
[Result "1/2-1/2"]
[WhiteElo "1851"]
[BlackElo "1864"]

 1. e4 e5 2. f4 d6 3. Bc4 Nf6 4. Nf3 Be6 5. Bxe6 fxe6 6. fxe5 dxe5 7. c3 Qd3 8. Qe2 Qxe2+
 9. Kxe2 Bd6 10. d3 Nbd7 11. Nbd2 c6 12. Nc4 Bc7 13. Ng5 Nf8 14. b3 h6 15. Nf3 Ng6 16. g3 O-O-O
 17. Be3 Kb8 18. a4 Rd7 19. b4 Ng4 20. Bc5 b6 21. Bg1 Rhd8 22. Nb2 Rf7 1/2-1/2

[Event "Frome Open 2019"]
[EventDate "2019.05.17"]
[Site "Frome ENG"]
[Date "2019.05.19"]
[Round "5"]
[White "Waterfield, John W"]
[Black "Hollands, George E"]
[Result "1-0"]
[WhiteElo "1939"]
[BlackElo "1830"]

 1. e4 e6 2. d4 d5 3. Nc3 Bb4 4. e5 c5 5. Bd2 Bxc3 6. Bxc3 cxd4 7. Qxd4 Nc6 8. Qg4 Kf8
 9. O-O-O Nh6 10. Qe2 Qg5+ 11. Kb1 Nf5 12. g4 Nh4 13. Nh3 Qd8 14. f4 d4 15. Qe4 Qd5 16. Qxd5 exd5
 17. Bxd4 Bxg4 18. Rd2 Nf3 19. Bc5+ Ke8 20. Rxd5 Rd8 21. Rxd8+ Kxd8 22. Bg2 Kc8 23. Nf2 Bh5 24. Ne4 b6
 25. Bd6 Rd8 26. Ng3 Nd2+ 27. Kc1 Bf3 28. Rg1 Bxg2 29. Rxg2 Nf3 30. Ne4 g6 31. Rf2 Nh4 32. Ng5 f6
 33. Ne6 Rd7 34. exf6 Nd4 35. Nxd4 Rxd6 36. f7 Rf6 37. Nb5 Kd7 38. Nxa7 Rxf7 39. Nb5 Nf5 40. c3 Ne3
 41. a4 Ng4 42. Rd2+ Kc6 43. Rd6+ Kb7 44. Rxg6 Rxf4 45. Rg7+ Kc6 46. Nd4+ Kd6 47. Rxh7 Rf1+ 48. Kc2 Rf2+
 49. Kb3 Nxh2 50. Rh6+ Kc7 51. Nb5+ Kb7 52. Nd6+ Kc7 53. Nc4 Nf3 54. Nxb6 Nd2+ 55. Kb4 Rf4+ 56. c4 Rf3
 57. Nd5+ Kb7 58. Rb6+ Ka7 59. Kc5 Nb3+ 60. Kd6 Na5 61. c5 Nc4+ 62. Kd7 Ne5+ 63. Kc7 Rf7+ 64. Kd6 Nc4+
 65. Ke6 Rh7 66. Rb4 Rh6+ 67. Nf6 Na5 68. Rb5 Nc6 69. Rb6 Nd8+ 70. Ke7 Nb7 71. b4 Rh4 72. a5 Rd4
 73. Ne8 Re4+ 74. Kd7 Rh4 75. c6 Rd4+ 76. Kc7 Nd8 77. Nd6 Ne6+ 78. Kd7 Nf8+ 79. Ke7 Ng6+ 80. Ke6 Nf8+
 81. Ke5 Rd1 82. Nb5+ Ka8 83. Nc7+ 1-0